| 000 | 00398nam a2200157Ia 4500 | ||
|---|---|---|---|
| 008 | 221030s9999 xx 000 0 und d | ||
| 041 | _aEnglish | ||
| 082 |
_a105.23 _bSingh |
||
| 100 | _aB. P. Singh | ||
| 245 | 0 |
_aGeneral Management _cby B. P. Singh, T. N. Chhabra |
|
| 260 |
_bDhanpat Rai Pub _aDelhi _c1994 |
||
| 300 | _a499 | ||
| 650 | _aBE Management | ||
| 700 | _aT. N. Chhabra | ||
| 942 | _cBK | ||
| 999 |
_c3274 _d3274 |
||